Kočka leze dírou : [lidové říkadlo /

Hlavní autor: Walterová, Marcela, 1949-
Další autoři: Bláha, Václav, 1901-1959, Veselý, Miloš
Jazyk: Čeština
Vydáno: Praha : Albatros, 2012
Vydání: 2. vyd.
Témata:
Fyzický popis: [12] s. : vše barev. il. ; 9 x 16 cm
Knihy
Uloženo v:
LEADER 01526nam a2200433 a 4500
001 nkc20122390528
003 CZ PrNK
005 20131018081241.0
007 ta
008 120810s2012 xr a a 000 p cze
015 |a cnb002390528 
020 |a 978-80-00-02998-6  |q (leporelo) 
035 |a (OCoLC)817048493 
040 |a BOA001  |b cze 
072 7 |a 821-93  |x Literatura pro děti a mládež (beletrie)  |2 Konspekt  |9 26 
080 |a 821-93  |2 MRF 
080 |a 821-193  |2 MRF 
080 |a (0:82-193)  |2 MRF 
080 |a (0.025.2)  |2 MRF 
100 1 |a Walterová, Marcela,  |d 1949-  |7 ola20040402001  |4 ill 
245 1 0 |a Kočka leze dírou :  |b [lidové říkadlo /  |c ilustrovala Marcela Walterová ; autoři písně ... Václav Bláha a Miloš Veselý] 
250 |a 2. vyd. 
260 |a Praha :  |b Albatros,  |c 2012 
300 |a [12] s. :  |b vše barev. il. ;  |c 9 x 16 cm 
521 8 |a Pro děti od 2 let 
655 7 |a říkadla  |7 fd133992  |2 czenas 
655 7 |a publikace pro děti  |7 fd133156  |2 czenas 
655 7 |a leporela  |7 fd132727  |2 czenas 
655 9 |a children's poetry  |2 eczenas 
655 9 |a children's literature  |2 eczenas 
655 9 |a folding picture-books  |2 eczenas 
700 1 |a Bláha, Václav,  |d 1901-1959  |7 jo20010086360  |4 wfw 
700 1 |a Veselý, Miloš  |7 mzk2010599308  |4 wfw 
910 2 |a BOA001  |b M1-1292.066 
928 9 |a Albatros Media - Albatros 
990 |a BK 
995 |a 01 
991 |b 201209  |e db 
996 6 |b 2610522365  |c M1-1292.066  |l MZK  |r Sklad / do 24 hodin  |n 0  |p p.v.  |w 001283111  |u 000010  |a 1  |e BOA001  |j MZK50  |s P